000 00559cam a22002053a 4500
001 34685
003 PGUSA
005 20140828083740.0
008 110203s2011||||xxu|||||s|||||000 | eng d
040 _aPGUSA
_beng
042 _adc
100 1 _aFleming, George
245 1 0 _aVestigia :
_bVol. I.
_h[electronic resource] /
_cGeorge Fleming
260 _bProject Gutenberg,
_c2011
506 _aPublic domain in the USA.
516 _aElectronic text
830 0 _aProject Gutenberg
_v34685
856 4 0 _uhttp://www.gutenberg.org/ebooks/34685
942 _cEB
999 _c263940
_d263940